Т. 1; Избранные философские произведения; Памяти Герцена

Bibliografiske detaljer
Parent link:Избранные философские произведения: в 2 т./ А. И. Герцен; Академия наук СССР, Институт философии. Т. 1.— , 1946
Andre forfattere: Седельников Н. А., Павлов А. Н.
Sprog:russisk
Udgivet: 1946
TOC:В. И. Ленин, Памяти Герцена;
Fag:
Format: MixedMaterials Bog
KOHA link:https://koha.lib.tpu.ru/cgi-bin/koha/opac-detail.pl?biblionumber=273480

MARC

LEADER 00000nam2a2200000 4500
001 273480
005 20231101234632.0
035 |a (RuTPU)RU\TPU\book\296689 
090 |a 273480 
100 |a 20141027d1946 k y0rusy50 ca 
101 0 |a rus 
102 |a RU 
105 |a ac z 001zy 
200 0 |a Т. 1  |f переплет, тит. л. худож. Н. А. Седельникова ; ил. гравированы по дереву худож. А. Н. Павловым 
210 |d 1946 
215 |a 358 с., [3] вкл. л.  |c ил., портр. 
316 |5 63413507: М-133056  |a На титульном листе и обложке владельческая подпись: "Бутаков" 
317 |5 63413507: М-133056  |a Поступила в НТБ в 1970 г. в составе книжного собрания профессора ТПИ И. Н. Бутакова 
320 |a Примечания: с. 339-353 
320 |a Указатель имен: с. 354-358 
461 1 |0 (RuTPU)RU\TPU\book\296678  |t Избранные философские произведения  |o в 2 т.  |f А. И. Герцен  |g Академия наук СССР, Институт философии   |v Т. 1  |d 1946 
464 |t Памяти Герцена  |f В. И. Ленин 
606 1 |a Философия в СССР  |x История  |2 stltpush  |3 (RuTPU)RU\TPU\subj\63886  |9 80818 
610 1 |a библиотека И. Н. Бутакова 
610 1 |a владельческая надпись 
610 1 |a философские идеи 
610 1 |a природа 
610 1 |a наука 
610 1 |a письма 
610 1 |a публичные выступления 
610 1 |a дневниковые записи 
686 |a Ю3(2)6  |2 rubbk 
702 1 |a Седельников  |b Н. А.  |4 130 
702 1 |a Павлов  |b А. Н.  |4 760 
801 1 |a RU  |b 63413507  |c 20141027 
801 2 |a RU  |b 63413507  |c 20190906  |g RCR 
942 |c BK